Advances in dental implantology using (Registro nro. 10858)

000 -CABECERA
Campo de control de longitud fija 02560nam a22003497a 4500
003 - IDENTIFICADOR DEL NÚMERO DE CONTROL
Campo de control OSt
005 - FECHA Y HORA DE LA ÚLTIMA TRANSACCIÓN
Campo de control 20260416125138.0
008 - CÓDIGOS DE INFORMACIÓN DE LONGITUD FIJA
Campo de control de longitud fija 260415t2021 xxu||||| |||| 00| 0 eng d
020 ## - NÚMERO INTERNACIONAL NORMALIZADO PARA LIBROS (ISBN)
Número Internacional Normalizado para Libros (ISBN) 9783030522070
020 ## - NÚMERO INTERNACIONAL NORMALIZADO PARA LIBROS (ISBN)
Número Internacional Normalizado para Libros (ISBN) 9783030522063
040 ## - FUENTE DE LA CATALOGACIÓN
Centro catalogador de origen Unicoc
Lengua de catalogación spa
Centro que cataloga Bogotá (Dr. David Ordóñez Rueda) - Campus Norte
Centro modificador Bogotá (Dr. David Ordóñez Rueda) - Campus Norte
082 ## - NÚMERO DE LA CLASIFICACIÓN DECIMAL DEWEY
Número de clasificación 617.695
100 ## - PUNTO DE ACCESO PRINCIPAL - NOMBRE DE PERSONA
9 (RLIN) 12968
Nombre de persona Chaughule, Ramesh S.
245 ## - MENCIÓN DE TÍTULO
Título Advances in dental implantology using
Subtitulo o Resto del título : nanomaterials and allied technology applications
Mención de responsabilidad etc. / Ramesh S. Chaughule, Rajesh Dashaputra
250 ## - MENCIÓN DE EDICIÓN
Mención de edición 1 Ed.
260 ## - PUBLICATION, DISTRIBUTION, ETC. (IMPRINT)
Lugar de publicación distribución etc. Suiza :
Nombre del editor distribuidor etc. Springer ,
Fecha de publicación distribución etc. 2021
300 ## - DESCRIPCIÓN FÍSICA
Extensión 422 páginas
Otras características físicas Ilustraciones, diagramas, tablas, gráficas
500 ## - NOTA GENERAL
Nota general Incluye Índice y referencias bibliográficas
505 ## - NOTA DE CONTENIDO CON FORMATO
Título 1. Nanotechnology in implant dentistry. --
-- 2. Nanobiomaterials in craniofacial bone regeneration. --
-- 3. Nanomaterials in prosthetic rehabilitation of maxillofacial defects. --
-- 4. Potential applications of graphene-based nanomaterials in biomedical, dental, and implant applications. --
-- 5. Implant materials and surfaces to minimizing biofilm formation and peri-implantitis. --
-- 6. Biomaterials for bone grafting and craniofacial bone regeneration. --
-- 7. Nanobiomaterials: stem cell interaction and role in tissue engineering. --
-- 8. Polyurethane foam as a model to study primary implant stability: a series of in vitro studies. --
-- 9. Peri-implantitis: a serious problem of dental implantology. --
-- 10. Lasers in implant dentistry. --
-- 11. Applications of CAD/CAM technology in dental implant planning and implant surgery. --
-- 12. Modelling and impressions in implants. --
-- 13. 3D printing in dentistry: fundamentals, workflows and clinical applications. --
-- 14. Maxillofacial reconstruction: from autogenous bone grafts to bone tissue engineering. --
-- 15.Use of three-dimensional dental impressions in maxillofacial surgeries. --
-- 16. Use of zygomatic implant on the severe atrophic maxilla.
526 ## - NOTA DE INFORMACIÓN SOBRE EL PROGRAMA DE ESTUDIO
Institución que aplica el campo Unicoc
546 ## - NOTA DE LENGUA
Nota de lengua Inglés
650 #0 - PUNTO DE ACCESO ADICIONAL DE MATERIA - TÉRMINO DE MATERIA
9 (RLIN) 37
Término de materia o nombre geográfico como elemento inicial Implantes dentales
650 #0 - PUNTO DE ACCESO ADICIONAL DE MATERIA - TÉRMINO DE MATERIA
9 (RLIN) 12965
Término de materia o nombre geográfico como elemento inicial Implantología dental
650 #0 - PUNTO DE ACCESO ADICIONAL DE MATERIA - TÉRMINO DE MATERIA
9 (RLIN) 12970
Término de materia o nombre geográfico como elemento inicial Nanomateriales
650 #0 - PUNTO DE ACCESO ADICIONAL DE MATERIA - TÉRMINO DE MATERIA
9 (RLIN) 61
Término de materia o nombre geográfico como elemento inicial Biomateriales
650 #0 - PUNTO DE ACCESO ADICIONAL DE MATERIA - TÉRMINO DE MATERIA
9 (RLIN) 12892
Término de materia o nombre geográfico como elemento inicial Nanotecnología
Subdivisión de forma Aplicaciones odontológicas
658 #0 - TÉRMINO DE INDIZACIÓN - OBJETIVO CURRICULAR
9 (RLIN) 8073
Programa Académico Especialización en Prostodoncia
658 #0 - TÉRMINO DE INDIZACIÓN - OBJETIVO CURRICULAR
9 (RLIN) 8074
Programa Académico Especialización en Rehabilitación Oral
700 ## - PUNTO DE ACCESO ADICIONAL - NOMBRE DE PERSONA
9 (RLIN) 12969
Nombre de persona Dashaputra, Rajesh
856 ## - LOCALIZACIÓN Y ACCESO ELECTRÓNICOS
Texto del enlace Acceso online exclusivo para comunidad Unicoc.
Identificador Uniforme del Recurso (URI) https://unicoceduco-my.sharepoint.com/:b:/g/personal/direccionbiblioteca_unicoc_edu_co/IQDLWbqcks6sQIjGlH2PuSGQAbrrakMH-4EZXgbm6ODH57M
942 ## - ENTRADA PARA ELEMENTOS AGREGADOS (KOHA)
Fuente de clasificación o esquema de ordenación en estanterías
Koha [por defecto] tipo de item Libro electrónico
Existencias
Código de colección Fecha del precio de reemplazo Estropeado Signatura completa Precio No para préstamo Código de barras Estado de pérdida Localización actual Tipo de item de Koha Fecha última consulta Fuente de clasificación o esquema de ordenación en estanterías Localización permanente Fecha de adquisición Fuente de adquisición
Coleccion Online2026-04-15 617.695200000.00 Ebook10858 Bogotá (Dr. David Ordóñez Rueda) - Campus NorteLibro electrónico2026-04-15 Bogotá (Dr. David Ordóñez Rueda) - Campus Norte2026-04-15Compra

© 2014 UNICOC | Institución Universitaria Colegios de Colombia - UNICOC
Bogotá D.C. Autopista Norte Km. 20. Teléfono:(571)6683535
Cali: Calle 13 Norte No. 3N-13. Teléfono: (572)6608887

Con tecnología de Koha